000 00714nam a2200229 i 4500
001 000029821
003 DO-SdBNP
005 20230718140017.0
007 ta
008 110426s2007 dr a 000 0 spa d
040 _aDO-SdBNP
_bspa
_cBNPHU
_erda
082 4 _222
110 _aRepública Dominicana
_bDespacho de la Primera Dama
_91327
245 1 0 _aDon quijote te invita a leer :
_bguía para maestros
264 _aSanto Domingo :
_bDespacho de la Primera Dama,
_c2007.
300 _a18 páginas :
_bilustraciones ;
_c28 cm.
336 _2rdacontent
_atexto
_btxt
337 _2rdamedia
_asin mediación
_bn
338 _2rdacarrier
_avolumen
_bnc
500 _aJornada nacional de lectura
942 _2ddc
_cLF2
999 _c29313
_d29313